[Event "Pereira Gildardo Garcia Memorial-B"]
[Site "Pereira"]
[Date "2022.05.21"]
[Round "6"]
[White "Franco, Jhonier"]
[Black "Garcia, Juan Jose"]
[Result "1/2-1/2"]
[WhiteElo "1911"]
[BlackElo "1591"]
[PlyCount "82"]
[EventDate "2022.05.18"]
[EventType "swiss"]
[EventRounds "9"]
[EventCountry "COL"]
[SourceTitle "CBM 208 Extra"]
[Source "ChessBase"]
[SourceDate "2022.07.31"]
[SourceVersion "1"]
[SourceVersionDate "2022.07.31"]
[SourceQuality "1"]

1. d4 Nf6 2. c4 g6 3. f3 Bg7 4. e4 d6 5. Nc3 0-0 6. Be3 c5 7. Nge2 Nc6 8. Qd2 a6 9. g4 h5 10. gxh5 Nxh5 11. 0-0-0 b5 12. d5 Ne5 13. Ng3 Nxf3 14. Qf2 Ne5 15. Nxh5 Ng4 16. Qd2 gxh5 17. h3 Nxe3 18. Qxe3 e6 19. Rg1 f5 20. Qh6 Qf6 21. Qxh5 b4 22. Na4 Bd7 23. Rxg7+ Kxg7 24. Nb6 Be8 25. Qf3 Rb8 26. Qg3+ Kh8 27. Qxd6 Bh5 28. Nd7 Qg5+ 29. Rd2 fxe4 30. Nxf8 e3 31. Re2 Qf6 32. Ng6+ Bxg6 33. Qxb8+ Kh7 34. Qc7+ Kh6 35. Rxe3 Qxf1+ 36. Kd2 Qf2+ 37. Re2 Qd4+ 38. Ke1 Qg1+ 39. Kd2 Qd4+ 40. Ke1 Qg1+ 41. Kd2 Qd4+ 1/2-1/2

[Event "Pereira Gildardo Garcia Memorial-B"]
[Site "Pereira"]
[Date "2022.05.20"]
[Round "5"]
[White "Garcia, Juan Jose"]
[Black "Orbe Vivero, Maria Jose"]
[Result "1/2-1/2"]
[WhiteElo "1591"]
[BlackElo "1228"]
[PlyCount "56"]
[EventDate "2022.05.18"]
[EventType "swiss"]
[EventRounds "9"]
[EventCountry "COL"]
[SourceTitle "CBM 208 Extra"]
[Source "ChessBase"]
[SourceDate "2022.07.31"]
[SourceVersion "1"]
[SourceVersionDate "2022.07.31"]
[SourceQuality "1"]

1. e4 c5 2. Nc3 Nc6 3. Bb5 Nd4 4. Nf3 a6 5. Bd3 g6 6. 0-0 Bg7 7. Rb1 d6 8. h3 Nf6 9. b4 cxb4 10. Rxb4 Nc6 11. Rb1 0-0 12. a4 Nd7 13. Bc4 Nb6 14. Bb3 Bd7 15. d4 Na5 16. Qd3 Rc8 17. Rd1 Qc7 18. Bd2 e6 19. Nb5 axb5 20. Bxa5 Ra8 21. Bxb6 Qxb6 22. axb5 Bxb5 23. Bc4 Bxc4 24. Rxb6 Bxd3 25. Rxd3 Rfc8 26. c3 Ra3 27. Rxb7 Raxc3 28. Rxc3 Rxc3 1/2-1/2

[Event "COL-ch U1700"]
[Site "Pereira"]
[Date "2022.02.19"]
[Round "6"]
[White "Pardo Useche, Laura Valentina"]
[Black "Garcia, Juan Jose"]
[Result "1-0"]
[WhiteElo "1370"]
[BlackElo "1618"]
[PlyCount "89"]
[EventDate "2022.02.16"]
[EventType "swiss"]
[EventRounds "9"]
[EventCountry "COL"]
[SourceTitle "CBM 207 Extra"]
[Source "ChessBase"]
[SourceDate "2022.05.31"]
[SourceVersion "1"]
[SourceVersionDate "2022.05.31"]
[SourceQuality "1"]

1. e4 c5 2. Nf3 d6 3. d4 cxd4 4. Nxd4 Nf6 5. Nc3 a6 6. Be2 e5 7. Nb3 Be7 8. Be3 Be6 9. 0-0 0-0 10. Qd2 Nc6 11. Rad1 b5 12. a3 Re8 13. f4 exf4 14. Bxf4 Ne5 15. Nd4 Nc4 16. Bxc4 Bxc4 17. Rfe1 Qb6 18. Be3 Ng4 19. Nf5 Nxe3 20. Qxe3 Qc7 21. Qg3 Bf6 22. Qxd6 Qa7+ 23. Kh1 Qd7 24. Qd2 Qxd2 25. Rxd2 Rad8 26. Rxd8 Rxd8 27. Rd1 Rxd1+ 28. Nxd1 Be2 29. Nfe3 Bd4 30. Nf5 Be5 31. Nc3 Bxc3 32. bxc3 f6 33. Kg1 Kf7 34. Kf2 Bc4 35. Ke3 g6 36. Nd6+ Ke6 37. Nxc4 bxc4 38. Kd4 f5 39. exf5+ gxf5 40. Kxc4 Ke5 41. Kc5 f4 42. a4 Ke4 43. c4 Ke3 44. Kd5 Kf2 45. Ke4 1-0

[Event "COL-ch U1700"]
[Site "Pereira"]
[Date "2022.02.17"]
[Round "2"]
[White "Pusil Hoyos, Juan David"]
[Black "Garcia, Juan Jose"]
[Result "0-1"]
[WhiteElo "1341"]
[BlackElo "1618"]
[PlyCount "102"]
[EventDate "2022.02.16"]
[EventType "swiss"]
[EventRounds "9"]
[EventCountry "COL"]
[SourceTitle "CBM 207 Extra"]
[Source "ChessBase"]
[SourceDate "2022.05.31"]
[SourceVersion "1"]
[SourceVersionDate "2022.05.31"]
[SourceQuality "1"]

1. e4 c5 2. c3 d5 3. exd5 Qxd5 4. d4 Nf6 5. Nf3 Bg4 6. Be2 e6 7. Be3 cxd4 8. cxd4 Nc6 9. 0-0 Be7 10. Nc3 Qd6 11. Qb3 0-0 12. Rfd1 Nb4 13. Nb5 Qd8 14. Rac1 a6 15. Nc3 Qd6 16. Ne5 Bxe2 17. Nxe2 b5 18. a3 Nbd5 19. Rc6 Qb8 20. Rdc1 Qb7 21. a4 Rfd8 22. R6c2 Bd6 23. Bg5 h6 24. Bh4 b4 25. f4 Rdc8 26. Bxf6 Nxf6 27. Nc4 Bf8 28. Na5 Qd7 29. Nc6 Nd5 30. Ne5 Qb7 31. Nc4 Qb8 32. Qg3 b3 33. Rd2 Qb4 34. Qd3 Rc6 35. Rdd1 Rac8 36. Nd2 Nxf4 37. Nxf4 Rxc1 38. Rxc1 Rxc1+ 39. Kf2 Rc2 40. Ke3 Rxb2 41. Ne2 Be7 42. Nc4 Bg5+ 43. Kf3 Qb7+ 44. Kg3 Rc2 45. Na3 Rd2 46. Qf3 Qxf3+ 47. Kxf3 Ra2 48. Nb1 Rxa4 49. Ke4 Rb4 50. Kd3 a5 51. g3 Be7 0-1

[Event "COL-chB U1800"]
[Site "Antioquia"]
[Date "2018.12.09"]
[Round "6"]
[White "Jaramillo, Carlos Mario"]
[Black "Garcia, Juan Jose"]
[Result "0-1"]
[WhiteElo "1553"]
[BlackElo "1600"]
[PlyCount "132"]
[EventDate "2018.12.06"]
[EventType "swiss"]
[EventRounds "7"]
[EventCountry "COL"]
[SourceTitle "CBM 190 Extra"]
[Source "ChessBase"]
[SourceDate "2019.07.15"]
[SourceVersion "1"]
[SourceVersionDate "2019.07.15"]
[SourceQuality "1"]

1. e4 c5 2. Nf3 d6 3. d4 cxd4 4. Nxd4 Nf6 5. Nc3 a6 6. Be2 e6 7. 0-0 Be7 8. Be3 0-0 9. Qd2 Qc7 10. Kh1 Nbd7 11. Rad1 b5 12. a3 Bb7 13. f3 d5 14. exd5 Nxd5 15. Nxd5 Bxd5 16. Nf5 Bf6 17. Nd4 Rfd8 18. c3 Nb6 19. Qc2 Rac8 20. Bd3 g6 21. Nb3 Nc4 22. Bxc4 bxc4 23. Nd2 Rd7 24. Ne4 Be7 25. Rfe1 Rb8 26. Nf2 h5 27. Bd4 Qb7 28. Qd2 Bf8 29. Be5 Rbd8 30. Qg5 Bg7 31. Bxg7 Kxg7 32. Qe5+ Kg8 33. Qe2 Rb8 34. Rd2 Qc6 35. Red1 Rdb7 36. Rb1 Rb3 37. Qe1 R8b6 38. Nd1 Rxa3 39. Ne3 Ra5 40. Qh4 Rab5 41. Qf6 Qb7 42. Nd1 a5 43. Ra1 Qa8 44. f4 Rb8 45. h3 Bc6 46. Rd6 Rf5 47. Qd4 Bxg2+ 48. Kh2 Qf3 49. Nf2 Rxf4 50. Rd8+ Rxd8 51. Qxd8+ Kg7 52. Qg5 Qxf2 53. Qxg2 Qxg2+ 54. Kxg2 Rf5 55. Ra4 Rb5 56. Rxc4 Rxb2+ 57. Kg3 Rc2 58. h4 a4 59. Rxa4 Rxc3+ 60. Kf4 Rc5 61. Re4 Rf5+ 62. Kg3 e5 63. Rc4 f6 64. Rc7+ Kh6 65. Rc8 Rf4 66. Rd8 Rg4+ 0-1

[Event "LSS No Engine Cup 137 Preliminary 0"]
[Site "LSS email"]
[Date "2015.08.23"]
[Round "?"]
[White "Feng, Jason"]
[Black "Garcia, Juan Jose"]
[Result "1-0"]
[WhiteElo "1296"]
[BlackElo "1512"]
[PlyCount "57"]
[EventDate "2015.08.24"]
[EventType "tourn (corr)"]
[EventRounds "6"]
[EventCountry "GER"]
[SourceTitle "Corr 2022"]
[Source "ChessBase"]
[SourceDate "2021.10.24"]
[SourceVersion "1"]
[SourceVersionDate "2021.10.24"]
[SourceQuality "1"]

1. e4 e5 2. Bc4 Nf6 3. Nf3 Bc5 4. Nxe5 0-0 5. d3 d5 6. Bxd5 Nxd5 7. exd5 Qxd5 8. Nf3 Re8+ 9. Kf1 Nc6 10. Nc3 Qh5 11. Ne4 Bg4 12. Nxc5 Qxc5 13. Be3 Qh5 14. h3 Rad8 15. Kg1 Bxf3 16. Qxf3 Qxf3 17. gxf3 Nd4 18. Bxd4 Rxd4 19. Kg2 Kf8 20. Rhe1 Rb4 21. Rxe8+ Kxe8 22. Re1+ Kd7 23. b3 Rb6 24. Re4 f5 25. Rd4+ Ke7 26. f4 Rg6+ 27. Kf3 Rg1 28. Rb4 b6 29. Rc4 1-0

[Event "IECC CL0-2015.00 email"]
[Site "IECC email"]
[Date "2015.08.10"]
[Round "?"]
[White "Verich, Oleg"]
[Black "Garcia, Juan Jose"]
[Result "1-0"]
[WhiteElo "1128"]
[BlackElo "1157"]
[PlyCount "51"]
[EventDate "2015.07.02"]
[EventType "tourn (corr)"]
[EventRounds "4"]
[SourceTitle "Corr 2022"]
[Source "ChessBase"]
[SourceDate "2021.10.24"]
[SourceVersion "1"]
[SourceVersionDate "2021.10.24"]
[SourceQuality "1"]

1. c4 e5 2. Nc3 Nf6 3. g3 d5 4. cxd5 Nxd5 5. Bg2 Nxc3 6. bxc3 Bc5 7. Qc2 0-0 8. d3 Nc6 9. Nf3 Bf5 10. 0-0 Re8 11. Bb2 e4 12. dxe4 Bxe4 13. Qb3 Qe7 14. e3 Na5 15. Qb5 b6 16. Nd4 c6 17. Qe2 Bxg2 18. Kxg2 Qe4+ 19. Kg1 Rad8 20. Nb3 Qc4 21. Qxc4 Nxc4 22. Bc1 Bf8 23. Nd4 c5 24. Nf3 Rd3 25. Re1 Rxc3 26. Nd2 1-0

[Event "LSS No Engine Cup 132 Preliminary 0"]
[Site "LSS email"]
[Date "2015.06.06"]
[Round "?"]
[White "Liles, Chris"]
[Black "Garcia, Juan Jose"]
[Result "0-1"]
[WhiteElo "1396"]
[BlackElo "1600"]
[PlyCount "70"]
[EventDate "2015.06.07"]
[EventType "tourn (corr)"]
[EventRounds "6"]
[EventCountry "GER"]
[SourceTitle "Corr 2022"]
[Source "ChessBase"]
[SourceDate "2021.10.24"]
[SourceVersion "1"]
[SourceVersionDate "2021.10.24"]
[SourceQuality "1"]

1. d4 d5 2. Nf3 Nf6 3. e3 c6 4. Bd3 Bg4 5. h3 Bxf3 6. Qxf3 Nbd7 7. 0-0 e5 8. Be2 e4 9. Qg3 Qb8 10. Qxb8+ Rxb8 11. b3 h5 12. Nd2 Bb4 13. a3 Bc3 14. Rb1 0-0 15. b4 Nb6 16. b5 Rfc8 17. bxc6 Rxc6 18. f3 Bxd2 19. Bxd2 Rxc2 20. Rfd1 Rbc8 21. Rbc1 h4 22. Bf1 Kh7 23. f4 Rxd2 24. Rxd2 Rxc1 25. Rf2 Nc4 26. Re2 Nh5 27. Kf2 Ng3 28. Re1 Rxe1 29. Kxe1 Nxe3 30. Bb5 Nxg2+ 31. Kd1 Nxf4 32. Ke1 Nf5 33. Be8 Kg6 34. Bd7 Nxd4 35. a4 a5 0-1

[Event "RF-2015-0-00240"]
[Site "LSS email"]
[Date "2015.06.04"]
[Round "?"]
[White "Ausan, Leo Tito Jr"]
[Black "Garcia, Juan Jose"]
[Result "1-0"]
[WhiteElo "1259"]
[BlackElo "1162"]
[PlyCount "49"]
[EventDate "2015.05.20"]
[EventType "tourn (corr)"]
[EventRounds "6"]
[EventCountry "GER"]
[SourceTitle "Corr 2022"]
[Source "ChessBase"]
[SourceDate "2021.10.24"]
[SourceVersion "1"]
[SourceVersionDate "2021.10.24"]
[SourceQuality "1"]

1. e4 e5 2. Nf3 Nc6 3. Bb5 a6 4. Ba4 Nf6 5. 0-0 Be7 6. Re1 b5 7. Bb3 d6 8. c3 0-0 9. h3 Bb7 10. d4 Re8 11. Nbd2 Bf8 12. Bc2 h6 13. Nf1 exd4 14. cxd4 Nb4 15. Ng3 Nxc2 16. Qxc2 Rc8 17. Qd3 c5 18. d5 Nd7 19. b3 Qf6 20. Rb1 Ne5 21. Nxe5 dxe5 22. Bb2 c4 23. Qd2 Bc5 24. Rf1 Bd4 25. bxc4 1-0

[Event "RF-2015-0-00240"]
[Site "LSS email"]
[Date "2015.06.04"]
[Round "?"]
[White "Garcia, Juan Jose"]
[Black "Lenz, Juergen"]
[Result "0-1"]
[WhiteElo "1162"]
[BlackElo "1113"]
[PlyCount "92"]
[EventDate "2015.05.20"]
[EventType "tourn (corr)"]
[EventRounds "6"]
[EventCountry "GER"]
[SourceTitle "Corr 2022"]
[Source "ChessBase"]
[SourceDate "2021.10.24"]
[SourceVersion "1"]
[SourceVersionDate "2021.10.24"]
[SourceQuality "1"]

1. e4 Nf6 2. e5 Nd5 3. Nf3 d6 4. c4 Nb6 5. d4 Nc6 6. exd6 exd6 7. Nc3 Be7 8. Bd3 Bg4 9. Be3 0-0 10. h3 Bh5 11. 0-0 Bf6 12. g4 Bg6 13. g5 Be7 14. d5 Ne5 15. Nxe5 dxe5 16. b3 Bxg5 17. Ne4 Bxe4 18. Bxe4 f5 19. Bxg5 Qxg5+ 20. Bg2 Nd7 21. Qf3 e4 22. Qg3 Qxg3 23. fxg3 a5 24. Rae1 Nc5 25. g4 fxg4 26. Bxe4 Rxf1+ 27. Kxf1 gxh3 28. Bh1 Kf7 29. Kg1 Re8 30. Rf1+ Ke7 31. Kh2 Kd6 32. Kxh3 Re2 33. Rf7 Rxa2 34. Rxg7 Nxb3 35. Rxh7 a4 36. Rh6+ Kc5 37. Rh7 Kb6 38. Rh6+ Kc5 39. Rh7 Kxc4 40. Rxc7+ Nc5 41. d6 Rd2 42. d7 Rxd7 43. Rxd7 Nxd7 44. Bxb7 a3 45. Ba6+ Kc3 46. Bc4 Kxc4 0-1

[Event "IECC CL0-2015.00 email"]
[Site "IECC email"]
[Date "2015.05.28"]
[Round "?"]
[White "Garcia, Juan Jose"]
[Black "Lenz, Juergen"]
[Result "0-1"]
[WhiteElo "1178"]
[BlackElo "1032"]
[PlyCount "74"]
[EventDate "2015.04.15"]
[EventType "tourn (corr)"]
[EventRounds "4"]
[SourceTitle "Corr 2022"]
[Source "ChessBase"]
[SourceDate "2021.10.24"]
[SourceVersion "1"]
[SourceVersionDate "2021.10.24"]
[SourceQuality "1"]

1. e4 Nc6 2. d4 e5 3. d5 Nce7 4. c4 Ng6 5. Nc3 Bc5 6. a3 a6 7. b4 Bd4 8. Nge2 Ba7 9. c5 d6 10. Be3 f5 11. exf5 Bxf5 12. Ng3 Bd7 13. Bd3 Nf6 14. Qc2 Nh4 15. 0-0 0-0 16. Nce4 Nxe4 17. Bxe4 g6 18. Qd2 Nf5 19. Bg5 Qe8 20. Rac1 Nd4 21. Rc3 Bf5 22. Re1 Qf7 23. Bh6 Rfe8 24. Qg5 Bd7 25. Ne2 Nf5 26. Rf3 Qe7 27. Rc1 Qxg5 28. Bxg5 Rf8 29. Ng3 Nd4 30. Rxf8+ Rxf8 31. Be7 Rf7 32. cxd6 cxd6 33. Bxd6 h5 34. h4 Kh7 35. Rc7 Nb5 36. Rxb7 Bxf2+ 37. Kh2 Nxd6 0-1

[Event "RF-2015-0-00239"]
[Site "LSS email"]
[Date "2015.05.28"]
[Round "?"]
[White "Lenz, Juergen"]
[Black "Garcia, Juan Jose"]
[Result "0-1"]
[WhiteElo "1057"]
[BlackElo "1163"]
[PlyCount "78"]
[EventDate "2015.05.11"]
[EventType "tourn (corr)"]
[EventRounds "6"]
[EventCountry "GER"]
[SourceTitle "Corr 2022"]
[Source "ChessBase"]
[SourceDate "2021.10.24"]
[SourceVersion "1"]
[SourceVersionDate "2021.10.24"]
[SourceQuality "1"]

1. d4 d5 2. Bf4 Nf6 3. e3 Bf5 4. c4 c6 5. Qb3 Qb6 6. Nc3 Qxb3 7. axb3 e6 8. f3 Bc2 9. Bxb8 Rxb8 10. Rxa7 Bxb3 11. c5 Nd7 12. Kd2 b6 13. cxb6 Nxb6 14. Bd3 Bb4 15. Nge2 0-0 16. Rha1 Rfe8 17. f4 c5 18. dxc5 Bxc5 19. Nd4 Nc4+ 20. Bxc4 dxc4 21. Ncb5 Bxa7 22. Rxa7 Red8 23. Kc3 g6 24. g4 h6 25. h4 Rd5 26. Nc7 Rd7 27. Ra8 Rxa8 28. Nxa8 Rb7 29. g5 h5 30. Nf3 Bd1 31. Ne5 Be2 32. Nxc4 Bxc4 33. Kxc4 Rxb2 34. Kd4 Rb7 35. Kc5 Rb3 36. Kd4 Rb1 37. Nc7 Rh1 38. Ke5 Rxh4 39. Ne8 Rh1 0-1

[Event "LSS No Engine Cup 131 Preliminary 0"]
[Site "LSS email"]
[Date "2015.05.18"]
[Round "?"]
[White "Garcia, Juan Jose"]
[Black "Obrien, Glenn"]
[Result "1-0"]
[WhiteElo "1600"]
[BlackElo "1757"]
[PlyCount "73"]
[EventDate "2015.05.19"]
[EventType "tourn (corr)"]
[EventRounds "6"]
[EventCountry "GER"]
[SourceTitle "Corr 2022"]
[Source "ChessBase"]
[SourceDate "2021.10.24"]
[SourceVersion "1"]
[SourceVersionDate "2021.10.24"]
[SourceQuality "1"]

1. e4 e5 2. Nf3 Nc6 3. Bb5 a6 4. Ba4 Nf6 5. 0-0 Be7 6. Re1 b5 7. Bb3 0-0 8. d4 d6 9. c3 Bg4 10. h3 Bxf3 11. Qxf3 exd4 12. Qd1 dxc3 13. Nxc3 Na5 14. Bc2 Re8 15. b3 Nc6 16. Bb2 Nb4 17. Bb1 c5 18. a3 Nc6 19. Ra2 Nd4 20. Ne2 Nxe2+ 21. Rxe2 Bf8 22. Ba1 Nh5 23. Red2 Qh4 24. Rd5 Nf6 25. g3 Qxh3 26. Bxf6 gxf6 27. Rh5 Qc8 28. f4 h6 29. Rah2 Rb8 30. e5 fxe5 31. Bf5 Qc6 32. Qg4+ Bg7 33. Rxh6 Kf8 34. Rh8+ Ke7 35. Qxg7 Rg8 36. Rxg8 Rxg8 37. Qxg8 1-0

[Event "LSS No Engine Cup 131 Preliminary 0"]
[Site "LSS email"]
[Date "2015.05.18"]
[Round "?"]
[White "Plunkett, Louis"]
[Black "Garcia, Juan Jose"]
[Result "0-1"]
[WhiteElo "1385"]
[BlackElo "1600"]
[PlyCount "96"]
[EventDate "2015.05.19"]
[EventType "tourn (corr)"]
[EventRounds "6"]
[EventCountry "GER"]
[SourceTitle "Corr 2022"]
[Source "ChessBase"]
[SourceDate "2021.10.24"]
[SourceVersion "1"]
[SourceVersionDate "2021.10.24"]
[SourceQuality "1"]

1. Nf3 Nf6 2. c4 c5 3. g3 Nc6 4. Bg2 d5 5. cxd5 Nxd5 6. e4 Ndb4 7. 0-0 Nd3 8. Nc3 e6 9. a3 Be7 10. e5 0-0 11. Re1 Nxe1 12. Qxe1 Qd3 13. Qd1 f6 14. Bf1 Qf5 15. exf6 Bxf6 16. Bg2 Nd4 17. Nxd4 Bxd4 18. Kh1 c4 19. Ne4 Bd7 20. d3 Bc6 21. Qe2 cxd3 22. Qxd3 Rad8 23. Qe2 Bb6 24. f3 h6 25. Be3 Bb5 26. Qe1 Bxe3 27. Qxe3 Rd3 28. Qf2 Qxe4 29. Qc5 Qd5 30. Qg1 Bc6 31. f4 Qxg2+ 32. Qxg2 Bxg2+ 33. Kxg2 Rd2+ 34. Kh3 Rxb2 35. Rd1 e5 36. fxe5 h5 37. e6 Rff2 38. Kh4 Rxh2+ 39. Kg5 Kf8 40. Rd7 Rb6 41. e7+ Ke8 42. Rc7 Rg2 43. Kh4 g5+ 44. Kxh5 Rxg3 45. a4 a5 46. Rc5 Rb4 47. Rxa5 Kxe7 48. Re5+ Kd7 0-1

[Event "ZL-2015-0-01655"]
[Site "LSS email"]
[Date "2015.05.11"]
[Round "?"]
[White "Garcia, Juan Jose"]
[Black "Perez Garcia, Miguel"]
[Result "1-0"]
[WhiteElo "1157"]
[BlackElo "1189"]
[PlyCount "35"]
[EventDate "2015.05.05"]
[EventType "match (corr)"]
[EventRounds "2"]
[EventCountry "GER"]
[SourceTitle "Corr 2022"]
[Source "ChessBase"]
[SourceDate "2021.10.24"]
[SourceVersion "1"]
[SourceVersionDate "2021.10.24"]
[SourceQuality "1"]

1. e4 e5 2. Nf3 Nf6 3. d4 Nxe4 4. Bd3 d5 5. Nxe5 Nd7 6. 0-0 Nxe5 7. dxe5 Nc5 8. Be2 Be6 9. f4 Qd7 10. Be3 Ne4 11. Nc3 Nxc3 12. bxc3 Be7 13. Bd3 c5 14. f5 c4 15. fxe6 Qxe6 16. Bf5 Qxe5 17. Bd4 Qd6 18. Qg4 1-0

[Event "OP-2015-0-03713"]
[Site "LSS email"]
[Date "2015.05.11"]
[Round "?"]
[White "Garcia, Juan Jose"]
[Black "Szczepanski, Zbigniew"]
[Result "0-1"]
[WhiteElo "1153"]
[BlackElo "2506"]
[PlyCount "44"]
[EventDate "2015.05.08"]
[EventType "tourn (corr)"]
[EventRounds "4"]
[EventCountry "GER"]
[SourceTitle "Corr 2022"]
[Source "ChessBase"]
[SourceDate "2021.10.24"]
[SourceVersion "1"]
[SourceVersionDate "2021.10.24"]
[SourceQuality "1"]

1. e4 e5 2. Nf3 Nc6 3. Bb5 g6 4. Nc3 Bg7 5. d4 Nxd4 6. Bc4 c6 7. 0-0 b5 8. Bxf7+ Kxf7 9. Ng5+ Ke8 10. f4 h6 11. fxe5 hxg5 12. Qxd4 Qe7 13. Nxb5 Bxe5 14. Nc7+ Kd8 15. Ne6+ Qxe6 16. Bxg5+ Ke8 17. Qc5 Bxh2+ 18. Kf2 Ba6 19. g3 Nf6 20. Rfe1 Bxg3+ 21. Kxg3 Qg4+ 22. Kf2 Rh2+ 0-1

[Event "ZL-2015-0-01655"]
[Site "LSS email"]
[Date "2015.05.11"]
[Round "?"]
[White "Perez Garcia, Miguel"]
[Black "Garcia, Juan Jose"]
[Result "1/2-1/2"]
[WhiteElo "1189"]
[BlackElo "1157"]
[PlyCount "151"]
[EventDate "2015.05.05"]
[EventType "match (corr)"]
[EventRounds "2"]
[EventCountry "GER"]
[SourceTitle "Corr 2022"]
[Source "ChessBase"]
[SourceDate "2021.10.24"]
[SourceVersion "1"]
[SourceVersionDate "2021.10.24"]
[SourceQuality "1"]

1. e4 e5 2. Nf3 Nc6 3. Bc4 Bc5 4. b4 Bxb4 5. c3 Ba5 6. 0-0 d6 7. d4 Bd7 8. Qb3 Qe7 9. dxe5 Nxe5 10. Nxe5 dxe5 11. Qxb7 Rd8 12. Ba3 Qf6 13. Bb5 Bb6 14. Bxd7+ Rxd7 15. Qc8+ Rd8 16. Qg4 Ne7 17. Bxe7 Kxe7 18. Kh1 Rhe8 19. Na3 Kf8 20. Qe2 Qc6 21. Nc4 Re6 22. Rad1 Rde8 23. Rd5 f5 24. Nxb6 axb6 25. exf5 Qxd5 26. fxe6 Rxe6 27. f3 Rc6 28. Rd1 Qc5 29. Rd8+ Ke7 30. Qd2 Rd6 31. Rxd6 cxd6 32. h3 h6 33. Qc2 b5 34. Qb3 d5 35. Qb2 Kf6 36. f4 e4 37. c4+ d4 38. Qxb5 Qd6 39. c5 Qxf4 40. Qc6+ Kg5 41. Qd7 d3 42. c6 d2 43. c7 Qxc7 44. Qxd2+ Qf4 45. Qe2 h5 46. a4 Qc1+ 47. Kh2 e3 48. Qb5+ Kf4 49. Qxh5 Qd2 50. Qg4+ Ke5 51. Qxg7+ Kd5 52. a5 Kc4 53. Qg5 Qd6+ 54. Kg1 Qd1+ 55. Kh2 e2 56. Qg8+ Kb5 57. Qb8+ Kxa5 58. Qc7+ Kb4 59. Qb6+ Kc3 60. Qc5+ Kd2 61. Qa5+ Ke3 62. Qe5+ Kd3 63. Qd5+ Kc2 64. Qc5+ Kb1 65. Qb4+ Kc1 66. Qa3+ Kb1 67. Qb4+ Kc1 68. Qa3+ Kd2 69. Qa5+ Ke3 70. Qe5+ Kf2 71. Qf4+ Ke1 72. Qh4+ Kd2 73. Qg5+ Kd3 74. Qd5+ Kc3 75. Qc5+ Kd3 76. Qd5+ 1/2-1/2

[Event "BI-2015-P-0000"]
[Site "LSS email"]
[Date "2015.04.16"]
[Round "?"]
[White "Garcia, Juan Jose"]
[Black "Schulz, Hans Juergen"]
[Result "0-1"]
[WhiteElo "1172"]
[BlackElo "1656"]
[PlyCount "54"]
[EventDate "2015.04.22"]
[EventType "tourn (corr)"]
[EventRounds "10"]
[EventCountry "GER"]
[SourceTitle "Corr 2022"]
[Source "ChessBase"]
[SourceDate "2021.10.24"]
[SourceVersion "1"]
[SourceVersionDate "2021.10.24"]
[SourceQuality "1"]

1. e4 e5 2. Nf3 Nc6 3. Bb5 a6 4. Ba4 Nf6 5. 0-0 Be7 6. Re1 b5 7. Bb3 d6 8. c3 0-0 9. d4 Bg4 10. h3 Bh5 11. g4 Bg6 12. Nbd2 Qd7 13. Bc2 h5 14. d5 Na5 15. g5 Nh7 16. h4 c6 17. b4 Nb7 18. dxc6 Qxc6 19. Bb2 Kh8 20. Bb3 f6 21. Bd5 Qd7 22. gxf6 Nxf6 23. Ng5 Nxd5 24. exd5 Rf4 25. Nde4 Rg4+ 26. Kf1 Rxh4 27. Qf3 Rf8 0-1

[Event "BI-2015-P-0000"]
[Site "LSS email"]
[Date "2015.04.16"]
[Round "?"]
[White "Garcia, Juan Jose"]
[Black "Tausnev, Bladimir"]
[Result "0-1"]
[WhiteElo "1172"]
[BlackElo "1974"]
[PlyCount "40"]
[EventDate "2015.04.22"]
[EventType "tourn (corr)"]
[EventRounds "10"]
[EventCountry "GER"]
[SourceTitle "Corr 2022"]
[Source "ChessBase"]
[SourceDate "2021.10.24"]
[SourceVersion "1"]
[SourceVersionDate "2021.10.24"]
[SourceQuality "1"]

1. e4 c5 2. Nf3 Nc6 3. d4 cxd4 4. Nxd4 Nf6 5. Nc3 e5 6. Ndb5 d6 7. Bg5 a6 8. Bxf6 gxf6 9. Na3 b5 10. Nd5 f5 11. Bd3 Be6 12. Qh5 Rg8 13. 0-0 f4 14. c4 bxc4 15. Nxc4 Rg6 16. Be2 Rh6 17. Qf3 Nd4 18. Qd3 Qh4 19. h3 Bxh3 20. Rfe1 Bxg2 0-1

[Event "BI-2015-P-0000"]
[Site "LSS email"]
[Date "2015.04.16"]
[Round "?"]
[White "Tobey, Al"]
[Black "Garcia, Juan Jose"]
[Result "0-1"]
[WhiteElo "809"]
[BlackElo "1172"]
[PlyCount "40"]
[EventDate "2015.04.22"]
[EventType "tourn (corr)"]
[EventRounds "10"]
[EventCountry "GER"]
[SourceTitle "Corr 2022"]
[Source "ChessBase"]
[SourceDate "2021.10.24"]
[SourceVersion "1"]
[SourceVersionDate "2021.10.24"]
[SourceQuality "1"]

1. e4 e5 2. Be2 Nf6 3. d3 d5 4. Bg5 dxe4 5. Bxf6 Qxf6 6. dxe4 Bc5 7. Nf3 0-0 8. Nc3 Nc6 9. Nd5 Qd8 10. 0-0 Be6 11. c3 f6 12. Qb3 Bb6 13. Bc4 Na5 14. Qb4 Nxc4 15. Qxc4 c6 16. Nxf6+ Qxf6 17. Qe2 Rad8 18. g3 Qxf3 19. Qxf3 Rxf3 20. Kg2 Rdf8 0-1